[Event "Belgrade-chT Quality"]
[Site "Belgrade"]
[Date "2019.10.20"]
[Round "6.8"]
[White "Djuran, Nikola"]
[Black "Stankovic, Andrea"]
[Result "1-0"]
[WhiteElo "2053"]
[BlackElo "1429"]
[PlyCount "63"]
[EventDate "2019.10.05"]
[EventType "team-tourn"]
[EventRounds "11"]
[EventCountry "SRB"]
[SourceTitle "EXT 2022"]
[Source "ChessBase"]
[SourceDate "2021.10.06"]
[SourceVersion "1"]
[SourceVersionDate "2021.10.06"]
[SourceQuality "1"]
[WhiteTeam "Belgrade Politika"]
[BlackTeam "Delfin"]
[WhiteTeamCountry "SRB"]
[BlackTeamCountry "SRB"]

1. d4 e6 2. c4 Nf6 3. Bg5 Be7 4. Nc3 d5 5. e3 h6 6. Bh4 Ne4 7. Bxe7 Qxe7 8. Qc2 f5 9. Nf3 0-0 10. cxd5 Nxc3 11. bxc3 exd5 12. Bd3 Nc6 13. 0-0 Bd7 14. Qb3 Qd6 15. Rfc1 Be6 16. g3 Rab8 17. Bb5 Na5 18. Qb4 Nc4 19. Bxc4 dxc4 20. a4 Qd5 21. Ne5 Qe4 22. Qb1 Qd5 23. Qc2 Rbe8 24. Rab1 b6 25. Rb4 Bc8 26. Qe2 a5 27. Rb5 Qe6 28. Qf3 Ba6 29. Rb2 Rf6 30. h4 Rb8 31. Qe2 Rd8 32. f4 1-0

[Event "Belgrade-chT"]
[Site "Belgrade"]
[Date "2012.10.01"]
[Round "1.2"]
[White "Djuran, Nikola"]
[Black "Carnic, Dejan"]
[Result "1-0"]
[WhiteElo "2130"]
[BlackElo "2082"]
[PlyCount "73"]
[EventDate "2012.10.01"]
[EventType "team-tourn"]
[EventRounds "11"]
[EventCountry "SRB"]
[SourceTitle "CBM 150 Extra"]
[Source "ChessBase"]
[SourceDate "2012.10.19"]
[SourceVersion "1"]
[SourceVersionDate "2012.10.19"]
[SourceQuality "1"]
[WhiteTeam "Obilic"]
[BlackTeam "Belgrade Sigurnost"]
[WhiteTeamCountry "SRB"]
[BlackTeamCountry "SRB"]

1. d4 d5 2. c4 e5 3. dxe5 d4 4. Nf3 Nc6 5. g3 Nge7 6. Bg2 Ng6 7. 0-0 Be7 8. b3 Ngxe5 9. Bb2 Nxf3+ 10. Bxf3 Bh3 11. Re1 Qd7 12. Nd2 0-0-0 13. a3 h5 14. b4 h4 15. Qa4 hxg3 16. hxg3 Kb8 17. Qb5 Rh6 18. Nb3 a6 19. Qd5 Qc8 20. Qe4 Bf5 21. Qf4 Bd6 22. Qd2 Ne5 23. Bg2 Bh3 24. Be4 Bf5 25. Bd5 Be6 26. Qxd4 Bxd5 27. Qxd5 Rdh8 28. Bxe5 Bxe5 29. Qxe5 Qh3 30. Qe4 Qh2+ 31. Kf1 Qh3+ 32. Qg2 f5 33. Nc5 c6 34. Nd7+ Ka7 35. b5 f4 36. bxc6 fxg3 37. fxg3 1-0

[Event "Belgrade-chT Quality"]
[Site "Belgrade"]
[Date "2011.10.15"]
[Round "1"]
[White "Djuran, Nikola"]
[Black "Milentijevic, Vojislav"]
[Result "1-0"]
[WhiteElo "2121"]
[BlackElo "2071"]
[PlyCount "65"]
[EventDate "2011.10.15"]
[EventType "team-swiss"]
[EventRounds "11"]
[EventCountry "SRB"]
[SourceTitle "EXT 2012"]
[Source "ChessBase"]
[SourceDate "2011.11.24"]
[SourceVersion "1"]
[SourceVersionDate "2011.11.24"]
[SourceQuality "1"]

1. d4 Nf6 2. Nf3 g6 3. c4 Bg7 4. g3 0-0 5. Bg2 c5 6. 0-0 cxd4 7. Nxd4 Nc6 8. Nc3 a6 9. h3 Qc7 10. Nd5 Nxd5 11. Nxc6 dxc6 12. cxd5 cxd5 13. Qxd5 Rd8 14. Qb3 Rb8 15. Bf4 e5 16. Bg5 Re8 17. Rac1 Qa5 18. Rfd1 Be6 19. Bd5 Qb5 20. Bxe6 Rxe6 21. Qxb5 axb5 22. Rc7 Rc6 23. Rdd7 Rxc7 24. Rxc7 e4 25. b3 b4 26. Rc4 f5 27. Rxb4 Bf8 28. Rb5 Bd6 29. e3 Kf7 30. Rd5 Bf8 31. a4 Ke6 32. Rb5 Bd6 33. Rb6 1-0

[Event "Belgrade-chT"]
[Site "Belgrade"]
[Date "2005.10.06"]
[Round "6"]
[White "Maric, Dragan"]
[Black "Djuran, Nikola"]
[Result "1-0"]
[WhiteElo "2319"]
[BlackElo "2216"]
[PlyCount "39"]
[EventDate "2005.10.01"]
[EventType "team-tourn"]
[EventRounds "9"]
[EventCountry "YUG"]
[SourceTitle "CBM 108 Extra"]
[Source "ChessBase"]
[SourceDate "2005.11.04"]
[SourceVersion "1"]
[SourceVersionDate "2005.11.04"]
[SourceQuality "1"]

1. e4 c6 2. c4 d5 3. cxd5 cxd5 4. exd5 Nf6 5. Bb5+ Bd7 6. Bc4 g6 7. Nc3 Bg7 8. Nf3 0-0 9. 0-0 Bg4 10. h3 Bf5 11. d3 a6 12. a4 Ne8 13. Qe2 Nd6 14. Re1 Re8 15. Bf4 b6 16. Ne4 Nd7 17. Nxd6 exd6 18. Qxe8+ Qxe8 19. Rxe8+ Rxe8 20. g4 1-0

[Event "Belgrade-chT"]
[Site "Belgrade"]
[Date "2005.10.02"]
[Round "2"]
[White "Jovanovic, Zoran"]
[Black "Djuran, Nikola"]
[Result "1-0"]
[WhiteElo "2293"]
[BlackElo "2216"]
[PlyCount "50"]
[EventDate "2005.10.01"]
[EventType "team-tourn"]
[EventRounds "9"]
[EventCountry "YUG"]
[SourceTitle "CBM 108 Extra"]
[Source "ChessBase"]
[SourceDate "2005.11.04"]
[SourceVersion "1"]
[SourceVersionDate "2005.11.04"]
[SourceQuality "1"]

1. d4 Nf6 2. c4 g6 3. Nc3 Bg7 4. e4 0-0 5. Nf3 d6 6. Be2 e5 7. 0-0 Nc6 8. d5 Ne7 9. b4 Nh5 10. Re1 Nf4 11. Bf1 f5 12. Bxf4 exf4 13. e5 h6 14. Rc1 g5 15. exd6 cxd6 16. Nd4 Ng6 17. Ne6 Bxe6 18. dxe6 Ne7 19. Nb5 a6 20. Nxd6 Qb6 21. a3 Rad8 22. c5 Qc7 23. Qh5 b6 24. Nf7 Rxf7 25. Qxf7+ Kh8 1-0

[Event "Belgrade-chT"]
[Site "Belgrade"]
[Date "2005.10.01"]
[Round "1"]
[White "Djuran, Nikola"]
[Black "Biocanin, Goran"]
[Result "0-1"]
[WhiteElo "2216"]
[BlackElo "2269"]
[PlyCount "82"]
[EventDate "2005.10.01"]
[EventType "team-tourn"]
[EventRounds "9"]
[EventCountry "YUG"]
[SourceTitle "CBM 108 Extra"]
[Source "ChessBase"]
[SourceDate "2005.11.04"]
[SourceVersion "1"]
[SourceVersionDate "2005.11.04"]
[SourceQuality "1"]

1. Nf3 e6 2. g3 c5 3. Bg2 Nc6 4. 0-0 d5 5. d3 Nf6 6. Nbd2 e5 7. e4 d4 8. Nc4 Bg4 9. a4 Nd7 10. Bd2 Be7 11. h3 Bh5 12. Qe1 b6 13. Nh2 f6 14. f4 a6 15. Nf3 b5 16. axb5 axb5 17. Rxa8 Qxa8 18. Na3 Qa6 19. g4 Bf7 20. g5 c4 21. Nb1 b4 22. Qd1 c3 23. bxc3 bxc3 24. Be1 Qa2 25. Bxc3 dxc3 26. Nxc3 Qa5 27. Nd5 Bxd5 28. exd5 Qxd5 29. gxf6 gxf6 30. Kh1 Qe6 31. f5 Qa2 32. Nh4 Nd4 33. Qh5+ Qf7 34. Qd1 Qa2 35. Qh5+ Kd8 36. Rf2 Qb1+ 37. Kh2 e4 38. Rf1 Qxc2 39. dxe4 Bd6+ 40. Kh1 Ne2 41. Rf3 Qd1+ 0-1

[Event "Serbia-chT2"]
[Site "Belgrade"]
[Date "2003.10.02"]
[Round "6"]
[White "Djuran, Nikola"]
[Black "Tatisic, Milan"]
[Result "1-0"]
[WhiteElo "2213"]
[BlackElo "2261"]
[PlyCount "117"]
[EventDate "2003.09.27"]
[EventType "team"]
[EventRounds "9"]
[EventCountry "YUG"]
[SourceTitle "CBM 096 Extra"]
[Source "ChessBase"]
[SourceDate "2003.10.22"]
[SourceVersion "2"]
[SourceVersionDate "2003.10.20"]
[SourceQuality "1"]

1. d4 Nf6 2. Nf3 g6 3. g3 Bg7 4. Bg2 0-0 5. 0-0 d5 6. Nbd2 c6 7. c3 Nfd7 8. e4 e6 9. Re1 b6 10. h4 h6 11. e5 c5 12. Nf1 cxd4 13. cxd4 Nc6 14. Be3 Ne7 15. Bh3 Kh7 16. N1h2 Ng8 17. b4 Ba6 18. h5 Qe8 19. hxg6+ fxg6 20. Nh4 Qf7 21. Rc1 Bc4 22. f4 Ne7 23. g4 Rg8 24. Bg2 b5 25. Rc3 a5 26. bxa5 Rxa5 27. a3 Rga8 28. Bc1 Bf8 29. Rf3 R5a6 30. Bh3 Qg8 31. Kh1 g5 32. fxg5 hxg5 33. Qc2+ Kh8 34. Nf5 exf5 35. gxf5 Qh7 36. Qg2 Nc6 37. Be3 Rxa3 38. Bg4 Bh6 39. f6 Ra1 40. Qg1 Rxe1 41. Qxe1 Bd3 42. Rh3 Nxf6 43. exf6 Qg6 44. Qc1 Be4+ 45. Kg1 Qxf6 46. Bxg5 Qxd4+ 47. Be3 Kg8 48. Be6+ Kf8 49. Qf1+ Ke7 50. Qf7+ Kd6 51. Qd7+ Kc5 52. Bxd4+ Kxd4 53. Rxh6 Ra1+ 54. Nf1 Ne5 55. Qg7 Ra2 56. Bh3 Re2 57. Re6 Bd3 58. Qa7+ Kc4 59. Ne3+ 1-0